| 000 | 01327nam a22003617a 4500 | ||
|---|---|---|---|
| 003 | CHAP | ||
| 005 | 20220817041804.0 | ||
| 008 | 971013s1962 r 00010 d | ||
| 010 | _a24511 | ||
| 011 | _a25483 | ||
| 035 | _a29583 | ||
| 040 | _cCHAP | ||
| 082 |
_a627 _bC65 |
||
| 110 |
_aComité de Estudios de la Cuenca del Río Balsas. México _925864 |
||
| 245 | _aEstudio para el aprovechamiento de los recursos de la cuenca del río Balsas | ||
| 260 |
_aMéxico : _bSecretaría de Recursos Hidráulicos, _c1962? |
||
| 300 | _av. | ||
| 590 |
_aBATCH-UPD _b10 _c20130110 _lUCH01 _h0033 |
||
| 590 |
_aBATCH-UPD _b10 _c20130110 _lUCH01 _h1633 |
||
| 590 |
_aBATCH-UPD _b10 _c20130409 _lUCH01 _h2016 |
||
| 590 |
_aBATCH-UPD _b10 _c20130410 _lUCH01 _h1025 |
||
| 590 |
_aBATCH-UPD _b10 _c20130914 _lUCH01 _h1111 |
||
| 590 |
_aCONVERSION _b10 _c20130109 _lUCH01 _h1314 |
||
| 650 | 1 | 4 |
_aCuenca del Río Balsas. _930037 |
| 650 | 1 | 4 |
_aMéxico _xCondiciones económicas. |
| 650 | 1 | 4 |
_aPoblación _xMéxico. _989408 |
| 650 | 1 | 4 |
_aRecursos hidráulicos _xMéxico. _995116 |
| 901 | _aBK | ||
| 942 | _cLIBRO | ||
| 949 |
_a627 C65 _bBC _cLIBRO _d33724000019907 _eLIBRO _fv.1 _h18872 _i29583 _si |
||
| 949 |
_a627 C65 _bBC _cLIBRO _d33724000019915 _eLIBRO _fv.2 _h18873 _i29583 _si |
||
| 949 |
_a627 C65 _bBC _cLIBRO _d33724000019923 _eLIBRO _fv.3 _h18874 _i29583 _si |
||
| 999 |
_c24511 _d24511 |
||